| 000 | 00757 a2200241 4500 | ||
|---|---|---|---|
| 003 | dpl | ||
| 005 | 20240726142446.0 | ||
| 008 | 240726b |||||||| |||| 00| 0 eng d | ||
| 010 | _aENG-141017 | ||
| 020 |
_a9789391370763 _c1495.00 |
||
| 035 | _aEN-124549 | ||
| 037 | _bDBAD | ||
| 040 | _c0 | ||
| 082 | 1 | 4 |
_a338.954 _21 |
| 100 | 1 | _968964 | |
| 245 | 1 |
_aPoverty and Deprivation: _bChanging Contours/ _cEdited by K.B Saxena |
|
| 260 |
_aNew Delhi _bSage Publications _c2021 |
||
| 270 |
_aB1/11, Mohan Cooperative Industrial Area, Mathura Road _bNew Delhi _e110 044 |
||
| 300 |
_alix,347p. _c22cm(hb) |
||
| 500 | _aSocial Change in Contemporary India | ||
| 700 |
_aSaxena, K.B _968969 _eEditor |
||
| 942 |
_adpl _cEN _2ddc _h338.954 _mPOV |
||
| 999 |
_c204515 _d204515 |
||